000 00516pab a2200181 454500
008 180718b2005 xxu||||| |||| 00| 0 eng d
100 _aMontes, Carlos
245 _aImplementing reforms in Bolivia: too much to handle?
260 _c2005
300 _ap.273-90.
650 _aBudget - Bolvia
650 _aBudgetary control - Bolvia
650 _aFinancial management - Bolvia
650 _aBudget
700 _aAndrews, Matthew
773 _aInternational Journal of Public Administration
909 _a65856
999 _c65856
_d65856